Productos derivados financieros : (Registro nro. 8316)

Detalles MARC
000 -LEADER
fixed length control field 03610nam a2200325Ia 4500
003 - CONTROL NUMBER IDENTIFIER
control field OSt
005 - DATE AND TIME OF LATEST TRANSACTION
control field 20210812121437.0
008 - FIXED-LENGTH DATA ELEMENTS--GENERAL INFORMATION
fixed length control field 210310t2012 mx ad fq 001 0dspa d
020 ## - INTERNATIONAL STANDARD BOOK NUMBER
International Standard Book Number 9789681866334
040 ## - CATALOGING SOURCE
Original cataloging agency CO-JMCR
Transcribing agency CO-JMCR
041 0# - LANGUAGE CODE
Language code of text/sound track or separate title spa
082 04 - DEWEY DECIMAL CLASSIFICATION NUMBER
Classification number 332.632 /
Item number L318p
Edition number 23
100 1# - MAIN ENTRY--PERSONAL NAME
Personal name Lara Haro, Alfonso de,
9 (RLIN) 16924
Relator term autor
245 10 - TITLE STATEMENT
Title Productos derivados financieros :
Remainder of title instrumentos, valuación y cobertura de riesgos /
Statement of responsibility, etc. Alfonso de Lara
260 ## - PUBLICATION, DISTRIBUTION, ETC.
Place of publication, distribution, etc. México :
Name of publisher, distributor, etc. Editorial Limusa,
Date of publication, distribution, etc. ©2012
300 ## - PHYSICAL DESCRIPTION
Extent 185 páginas :
Other physical details ilustraciones y gráficas a blanco y negro ;
Dimensions 23 cm.
490 0# - SERIES STATEMENT
Series statement Contabilidad y Finanzas
500 ## - GENERAL NOTE
General note Incluye índice temático y notas a pie de página.
504 ## - BIBLIOGRAPHY, ETC. NOTE
Bibliography, etc. note Bibliografía: páginas 177-179
505 0# - FORMATTED CONTENTS NOTE
Formatted contents note Introducción a los productos derivados -- Los productos derivados en México -- Contratos de futuros del dólar de Estados Unidos de América -- Futuros del IPC y acciones -- Futuros de tasas de interés -- Opciones financieras -- Estrategias con opciones -- Metodología de márgenes en opciones listadas en Mexder -- Swaps -- Consideraciones contables y fiscales de los derivados en México
520 3# - SUMMARY, ETC.
Summary, etc. El mercado de productos derivados ha registrado un crecimiento muy importante en nuestro país y en el ámbito internacional en los últimos años. Productos derivados financieros es un esfuerzo para difundir los principales conceptos de estos instrumentos operados en México desde un punto de vista pragmático de tal suerte que los conceptos puedan ser entendidos por ejecutivos o estudiantes no expertos en la materia. Este libro tiene las siguientes características:<br/>Explicaciones accesibles de la arquitectura de los mercados de derivados y de sus instrumentos financieros básicas futuros, opciones y swaps, así como de sus aplicaciones, acompañadas de conceptos matemáticos básicos.<br/>Ejemplos numéricos y aplicaciones en la valuación y en la mecánica de cobertura de riesgos, que facilitan la comprensión de los temas.<br/>Tratamiento contable y fiscal de los instrumentos derivados en nuestro país.<br/>En sus diferentes capítulos se pretende contestar las siguientes preguntas:<br/>¿Qué son los instrumentos derivados? ¿Para que sirven los productos derivados? ¿Cuál es la mecánica de cobertura con derivados? ¿Cómo se determina el valor razonable de estos instrumentos? ¿Cómo opera el mercado organizado (MexDer) y cuál es su relación con la cámara de compensación (Asigna)? ¿Cuál es el mercado extra-bursátil de los derivados (OTC)? ¿Cómo se contabilizan los derivados?<br/>El libro contribuye a formar la cultura financiera de los mexicanos y será de gran utilidad para los empresarios que deseen cubrir sus riesgos de variación en las tasas de interés tipos de cambio e índices bursátiles, de conformidad con los tiempos actuales en los que la incertidumbre en el comportamiento de estas variables hace difícil su predicción. Productos derivados financieros es un libro introductorio escrita en un lenguaje sencillo que sin embargo, profundiza en los aspectos más importantes del mercado de productos derivados y constituye un manual de consulta y de referencia para aquellos interesados en este campo.<br/><br/>
650 14 - SUBJECT ADDED ENTRY--TOPICAL TERM
Topical term or geographic name entry element Riesgo (Finanzas)
9 (RLIN) 16926
650 24 - SUBJECT ADDED ENTRY--TOPICAL TERM
Topical term or geographic name entry element Riesgo (Finanzas)
General subdivision Métodos estadísticos
9 (RLIN) 39325
650 24 - SUBJECT ADDED ENTRY--TOPICAL TERM
Topical term or geographic name entry element Análisis de inversiones
9 (RLIN) 12628
650 24 - SUBJECT ADDED ENTRY--TOPICAL TERM
Topical term or geographic name entry element Riesgo (Finanzas)
General subdivision Modelos matemáticos
9 (RLIN) 39326
650 24 - SUBJECT ADDED ENTRY--TOPICAL TERM
Topical term or geographic name entry element Derivados financieros
General subdivision Modelos matemáticos
9 (RLIN) 39327
650 24 - SUBJECT ADDED ENTRY--TOPICAL TERM
Topical term or geographic name entry element Futuro (Finanzas)
9 (RLIN) 39328
650 24 - SUBJECT ADDED ENTRY--TOPICAL TERM
Topical term or geographic name entry element Mercado de futuros
9 (RLIN) 39329
942 ## - ADDED ENTRY ELEMENTS (KOHA)
Source of classification or shelving scheme Dewey Decimal Classification
Koha item type Books
Existencias
Withdrawn status Lost status Source of classification or shelving scheme Damaged status Not for loan Collection code Home library Current library Date acquired Source of acquisition Full call number Barcode Date last seen Copy number Koha item type
    Dewey Decimal Classification     Non-fiction Biblioteca Pública José María del Castillo y Rada Biblioteca Pública José María del Castillo y Rada 04/15/2018 Donación 332.632 / L318p 430000315 05/16/2024 Ej.1 Books